000 00424nam a22001817a 4500
003 MPLRDC
005 20220104124816.0
008 210129b ||||| |||| 00| 0 eng d
020 _a7-5317-0367-X
082 _a857.9 QY v.4*
100 _a全庸著
245 _a情女豪侠. 四
_c
250 _a一版一刷
260 _a
_b北方文艺出版社
_c1990
300 _b
650 _a
942 _cBK
_o857.9 QY v.4*
999 _c22314
_d22304